000 01381cam a22003615i 4500
001 14208654
003 EG-ScBUE
005 20260315090557.0
008 051223t2006 paua f b 001 0 eng d
020 _a0898716063 (pbk.)
020 _a9780898716061
040 _aEG-ScBUE
_beng
_erda
_cEG-ScBUE
_dEG-ScBUE
082 0 4 _a553.28015118
_bCHE
_222
100 1 _aChen, Zhangxin,
_941407
_eauthor.
245 1 0 _aComputational methods for multiphase flows in porous media /
_cZhangxin Chen, Guanren Huan, Yuanle Ma, Southern Methodist University, Dallas, Texas.
264 1 _aPhiladelphia :
_bSociety for Industrial and Applied Mathematics,
_c[2006]
264 4 _cc2006
300 _axxix, 531 pages :
_billustrations ;
_c26 cm.
336 _2rdacontent
_atext
_btxt
337 _aunmediated
_2rdamedia
_bn
338 _avolume
_bnc
_2rdacarrier
490 0 _aComputational science & engineering
504 _aIncludes bibliographical references and index.
650 7 _aMultiphase flow
_xMathematical models.
_2BUEsh
_941408
650 7 _aPorous materials
_xMathematical models.
_2BUEsh
_941409
650 7 _aPetroleum reserves
_xMathematical models.
_2BUEsh
_95083
650 7 _aFinite element method.
_2BUEsh
_92126
653 _bENGGEN
_cOctober2016
655 _vReading book
700 1 _aHuan, Guanren,
_941512
_eauthor.
700 1 _aMa, Yuanle,
_eauthor.
942 _2ddc
_cBB
999 _c22495
_d22467